00402 2200133 4500001002100000005001500021035002000036245011300056300001600169260004500185082000800230084001200238020001800250INLIS00000000000003120260406021201 a0010-0426000031 aMengenal Fakta Sains Untuk Anak :bDongeng Seru Tentang Tubuh, Binatang, Tumbuhan, dan Alam /cLeguty Family a212 :bIlus aTangerang Selatan :bLeguty Media,c2021 a500 a500 MEN a9786025583322